| 000 | 00385nam a22001457a 4500 | ||
|---|---|---|---|
| 999 |
_c531452 _d531452 |
||
| 003 | NUST | ||
| 005 | 20191016153512.0 | ||
| 038 | _aMSOHAIL | ||
| 082 | _a0 | ||
| 100 |
_aF.E. Lan Hamilton _924148 |
||
| 245 | _aTransportation of cities in central and eastern Europe: Towards Globalization | ||
| 260 |
_aParis _bUniversity Press _c2005 |
||
| 300 |
_a519,p; _c25cm _eH.B. |
||
| 942 |
_2ddc _cBK |
||